000 00620nam a22002177a 4500
003 UA-OsUOA
001 53531
007 ta
008 20080410b un ||||| |||| 00| 0 ukr d
100 _aШандра В.
090 _a94(477)
_bШ-12
942 _cSA
040 _aUA-OsUOA
_bukr
_cUA-OsUOA
_dUA-OsUOA
245 _aГубернатор: історичний вимір. Ким були російські намісники в Україні
300 _aС.7
955 _a0
041 _aukr
080 _a94(477)
773 0 _w53530
650 7 _a9 Географія. Біографії. Історія
_2UDC
999 _c339619
_d339619